000
00330nam a2200133Ia 4500
008
210210b1990 xxu||||| |||| 00| 0 eng d
082
_a
001.64 LEVD
100
_a
LEVY (Leon S).
245
_a
Discrete structures of computer science.
260
_a
Madras
_b
_c
1990
300
_a
310
690
_a
Computer Science
906
_a
045877
999
_c
95091
_d
95091